| 000 | 00361nam a22001577a 4500 | ||
|---|---|---|---|
| 003 | SGT | ||
| 020 | _a9781543344486 | ||
| 082 |
_a615.19 _bH20S |
||
| 100 | _aSHARMA SANJAY KUMAR | ||
| 245 | _aA TEXTBOOK HERBAL COSMETICS | ||
| 260 |
_aPANJAB _bP.V. (S. VIKASH) _c2020 |
||
| 300 | _aI:9 | ||
| 650 | _aCOSMETICS | ||
| 653 | _aHERBAL COSMETICS | ||
| 942 |
_2ddc _cBK |
||
| 999 |
_c22947 _d22947 |
||